The Russian Revolution (Record no. 1399158)

MARC details
000 -LEADER
fixed length control field 00654nam a2200277Ia 4500
008 - FIXED-LENGTH DATA ELEMENTS--GENERAL INFORMATION
fixed length control field 160716s9999||||xx |||||||||||||| ||und||
040 ## - CATALOGING SOURCE
Transcribing agency English
082 ## - DEWEY DECIMAL CLASSIFICATION NUMBER
Classification number XI.A/Roy
082 ## - DEWEY DECIMAL CLASSIFICATION NUMBER
Item number BORI-89563
100 ## - MAIN ENTRY--PERSONAL NAME
Personal name M. N Roy
245 #4 - TITLE STATEMENT
Title The Russian Revolution
260 ## - PUBLICATION, DISTRIBUTION, ETC. (IMPRINT)
Place of publication, distribution, etc Calcutta
260 ## - PUBLICATION, DISTRIBUTION, ETC. (IMPRINT)
Name of publisher, distributor, etc D.M Library
300 ## - PHYSICAL DESCRIPTION
Extent 104
300 ## - PHYSICAL DESCRIPTION
Dimensions A
300 ## - PHYSICAL DESCRIPTION
Accompanying material Hardbound
530 ## - ADDITIONAL PHYSICAL FORM AVAILABLE NOTE
Uniform Resource Identifier <a href="00089563.pdf">00089563.pdf</a>
563 ## - BINDING INFORMATION
Binding note Study
600 ## - SUBJECT ADDED ENTRY--PERSONAL NAME
Personal name M. N Roy
630 ## - SUBJECT ADDED ENTRY--UNIFORM TITLE
Uniform title The Russian Revolution
650 ## - SUBJECT ADDED ENTRY--TOPICAL TERM
Topical term or geographic name as entry element General Indology
650 ## - SUBJECT ADDED ENTRY--TOPICAL TERM
Topical term or geographic name as entry element Politics History and Historiography
700 ## - ADDED ENTRY--PERSONAL NAME
Personal name M. N Roy
730 ## - ADDED ENTRY--UNIFORM TITLE
Uniform title The Russian Revolution
942 ## - ADDED ENTRY ELEMENTS (KOHA)
Koha item type Book

No items available.